| 000 | 00474nam a2200181Ia 4500 | ||
|---|---|---|---|
| 001 | 17863 | ||
| 005 | 20260306171548.0 | ||
| 008 | 260306s9999||||xx |||||||||||||| ||und|| | ||
| 041 | _aESP | ||
| 082 |
_a658.3 _bC274 |
||
| 100 |
_aCsikszentmihalyi, Mihaly _eAUT |
||
| 245 | 0 |
_aFluir en los negocios: _bliderazgo y creación en el mundo de la empresa |
|
| 260 | _c2003 | ||
| 300 |
_a299 páginas : _c20 cm. |
||
| 650 | _aGEN | ||
| 654 | _aCAN | ||
| 942 |
_cLIB _dJUS _fJUS _2ddc _n |
||
| 999 |
_c17863 _d17863 |
||